[Event "St Louis Summer A"]
[Site "Saint Louis USA"]
[Date "2019.06.18"]
[Round "1.1"]
[White "Jones, Gawain C B"]
[Black "Xiong, Jeffery"]
[Result "1/2-1/2"]
[WhiteTitle "GM"]
[BlackTitle "GM"]
[WhiteElo "2709"]
[BlackElo "2684"]
[WhiteFideId "409561"]
[BlackFideId "2047640"]
[EventDate "2019.06.18"]

1. e4 c6 2. d4 d5 3. e5 Bf5 4. h4 h5 5. Bd3 Bxd3 6. Qxd3 Qa5+ 7. Nd2 e6 8. Nf3
Nh6 9. O-O Nf5 10. Nb3 Qa6 11. Qd1 Nd7 12. Bf4 Be7 13. g3 Rc8 14. c3 c5 15. a4
Qb6 16. Ra2 a6 17. dxc5 Bxc5 18. Kg2 Nf8 19. a5 Qb5 20. Nxc5 Rxc5 21. Re1 Ng6
22. Be3 Rc8 23. Bb6 Nge7 24. Nd4 Qd7 25. Ra3 Rc4 26. Qf3 Qc8 27. Rd1 g6 28. b4
O-O 29. Bc5 Re8 30. Bxe7 Nxe7 31. Rb3 Nc6 32. Qe3 Qc7 33. Re1 Rc8 34. Qf4 Nxd4
35. cxd4 Rc3 36. Re3 Rc1 37. Rf3 Rf8 38. g4 hxg4 39. Qxg4 Qc4 40. Rfd3 Ra1 41.
Qf4 Qc2 42. Qe3 Kg7 43. h5 Rh8 44. Qf4 Qe2 45. Qf6+ Kg8 46. Qd8+ Kg7 47. Qf6+
Kg8 48. Qd8+ 1/2-1/2